[Event "Avoine op 31st"]
[Site "Avoine"]
[Date "2016.07.28"]
[Round "6"]
[White "Forget, Cyril"]
[Black "Trouve, Guillaume"]
[Result "1/2-1/2"]
[WhiteElo "1886"]
[BlackElo "2142"]
[PlyCount "96"]
[EventDate "2016.07.23"]
[EventType "swiss"]
[EventRounds "9"]
[EventCountry "FRA"]
[SourceTitle "CBM 173 Extra"]
[Source "ChessBase"]
[SourceDate "2016.08.29"]
[SourceVersion "1"]
[SourceVersionDate "2016.08.29"]
[SourceQuality "1"]

1. e4 c5 2. c3 d5 3. exd5 Qxd5 4. d4 g6 5. Nf3 Bg7 6. Be3 cxd4 7. cxd4 Qa5+ 8. Nc3 Nh6 9. Bc4 0-0 10. 0-0 Nf5 11. Qb3 Nc6 12. d5 Ne5 13. Nxe5 Bxe5 14. Rad1 Qc7 15. h3 Bg7 16. Nb5 Qb8 17. Rfe1 a6 18. Nd4 Nxd4 19. Bxd4 Bxd4 20. Rxd4 b5 21. Be2 Qe5 22. Qb4 Qf6 23. d6 e5 24. Rd3 Bf5 25. Rd5 Rad8 26. Red1 Rd7 27. a4 bxa4 28. Qxa4 Rfd8 29. Qxa6 Be4 30. R5d2 Qg5 31. Bf1 Bb7 32. Qb5 Bf3 33. h4 Qg4 34. Rc1 Qf4 35. Rcc2 Be4 36. Bd3 Bxd3 37. Rxd3 e4 38. g3 Qf6 39. Re3 Qxd6 40. Qc4 Qd1+ 41. Kg2 Rd4 42. Qc6 Rd3 43. Rxe4 Qf3+ 44. Kh2 Kg7 45. Rf4 Qxc6 46. Rxc6 Rb3 47. Rc7 Rf8 48. Rc2 Rfb8 1/2-1/2

[Event "FICGS rapid B 000210 email"]
[Site "FICGS email"]
[Date "2013.08.04"]
[Round "1"]
[White "Gadhesariya, Divyesh"]
[Black "Forget, Cyril"]
[Result "1-0"]
[WhiteElo "1800"]
[BlackElo "1823"]
[PlyCount "41"]
[EventDate "2013.??.??"]
[EventType "tourn (rapid)"]
[EventRounds "6"]
[SourceTitle "Corr 2022"]
[Source "ChessBase"]
[SourceDate "2021.10.24"]
[SourceVersion "1"]
[SourceVersionDate "2021.10.24"]
[SourceQuality "1"]

1. e4 c6 2. d4 d5 3. e5 c5 4. c3 Nc6 5. Nf3 Bg4 6. Be2 e6 7. Bg5 Qb6 8. dxc5 Qxb2 9. Nbd2 Qxc3 10. 0-0 Bxc5 11. Rc1 Qa3 12. Rb1 Bb6 13. Bb5 h6 14. Be3 Bxe3 15. fxe3 Qxe3+ 16. Kh1 Nge7 17. Qa4 0-0 18. Qxg4 Nxe5 19. Nxe5 Qxe5 20. Nf3 Qf5 21. Qxf5 1-0

[Event "FICGS rapid B 000209 email"]
[Site "FICGS email"]
[Date "2013.07.17"]
[Round "1"]
[White "Forget, Cyril"]
[Black "Krakovsky, Peter"]
[Result "0-1"]
[WhiteElo "1823"]
[BlackElo "1793"]
[PlyCount "42"]
[EventDate "2013.??.??"]
[EventType "tourn (rapid)"]
[EventRounds "6"]
[SourceTitle "Corr 2022"]
[Source "ChessBase"]
[SourceDate "2021.10.24"]
[SourceVersion "1"]
[SourceVersionDate "2021.10.24"]
[SourceQuality "1"]

1. Nf3 Nf6 2. c4 c5 3. g3 b6 4. Bg2 Bb7 5. Nc3 e6 6. 0-0 Be7 7. d4 cxd4 8. Qxd4 d6 9. Rd1 a6 10. b3 Nbd7 11. e4 Rc8 12. Ba3 Nc5 13. e5 Bxf3 14. Bxf3 dxe5 15. Qxe5 Ncd7 16. Bxe7 Nxe5 17. Bxd8 Nxf3+ 18. Kg2 Nh4+ 19. Kh3 Rxd8 20. Kxh4 Ke7 21. f3 Rc8 0-1

[Event "Paris-ch op-B 87th"]
[Site "Paris"]
[Date "2012.07.09"]
[Round "3"]
[White "Forget, Cyril"]
[Black "Aron Samuel, Emmanuel"]
[Result "1-0"]
[WhiteElo "1935"]
[BlackElo "1842"]
[PlyCount "127"]
[EventDate "2012.07.07"]
[EventType "swiss"]
[EventRounds "9"]
[EventCountry "FRA"]
[SourceTitle "EXT 2013"]
[Source "ChessBase"]
[SourceDate "2012.11.22"]
[SourceVersion "1"]
[SourceVersionDate "2012.11.22"]
[SourceQuality "1"]

1. e4 c5 2. Nf3 Nc6 3. d4 cxd4 4. Nxd4 Nf6 5. Nc3 e5 6. Ndb5 d6 7. Bg5 a6 8. Na3 b5 9. Nd5 Be7 10. Bxf6 Bxf6 11. c3 0-0 12. Nc2 Bg5 13. a4 bxa4 14. Rxa4 a5 15. Bc4 Be6 16. h4 Bh6 17. Qd3 Kh8 18. Nce3 Bxe3 19. Nxe3 Qb6 20. b3 Bxc4 21. Qxc4 Rab8 22. Ra3 Rfc8 23. Qd3 Nd4 24. Nc4 Rxc4 25. bxc4 Qb2 26. Ra4 Qc1+ 27. Qd1 Qxc3+ 28. Kf1 Rb2 29. Rh3 Rd2 30. Qb1 Rb2 31. Qe1 Qc2 32. Rxa5 h5 33. Rc3 Qb1 34. Qc1 Qxc1+ 35. Rxc1 Nb3 36. Ra8+ Kh7 37. Re1 Nd2+ 38. Kg1 Nxc4 39. Rc8 Rb4 40. Rc6 Ra4 41. f3 f5 42. Re2 f4 43. g3 fxg3 44. Kg2 Kg8 45. Kxg3 Kf7 46. Rc2 Ne3 47. R2c3 Nf1+ 48. Kf2 Nd2 49. Rc2 Nb3 50. Rxd6 Nd4 51. Rc7+ Ke8 52. Rb6 Ra2+ 53. Kf1 Kd8 54. Rf7 Ke8 55. Rxg7 Ra1+ 56. Kg2 Kf8 57. Rh7 Kg8 58. Re7 Kf8 59. Rd7 Ke8 60. Rh7 Ra2+ 61. Kh3 Ra8 62. Rh8+ Kd7 63. Rxa8 Nxf3 64. Ra7+ 1-0

[Event "FRA-chT1A 0607"]
[Site "France"]
[Date "2007.02.11"]
[Round "8.8"]
[White "Marchais, Aurelie"]
[Black "Forget, Cyril"]
[Result "0-1"]
[WhiteElo "1778"]
[BlackElo "1910"]
[PlyCount "78"]
[EventDate "2006.10.15"]
[EventType "team-tourn"]
[EventRounds "11"]
[EventCountry "FRA"]
[SourceTitle "EXT 2008"]
[Source "ChessBase"]
[SourceDate "2007.11.25"]
[SourceVersion "1"]
[SourceVersionDate "2007.11.25"]
[SourceQuality "1"]
[WhiteTeam "Niort"]
[BlackTeam "Evry Grand Roque II"]
[WhiteTeamCountry "FRA"]
[BlackTeamCountry "FRA"]

1. e4 c5 2. Nf3 d6 3. d4 cxd4 4. Nxd4 Nf6 5. Nc3 g6 6. g3 Bg7 7. Bg2 0-0 8. h3 Nc6 9. Nde2 Bd7 10. 0-0 Ne5 11. b3 Bc6 12. Nd4 Bd7 13. Be3 Qc8 14. Nd5 Nxd5 15. exd5 Bxh3 16. c4 Qg4 17. Qxg4 Bxg4 18. f3 Bd7 19. Rad1 Rfc8 20. Bg5 Kf8 21. Rfe1 h6 22. Bc1 a6 23. f4 Ng4 24. Bh3 Nf6 25. Bxd7 Nxd7 26. Re2 Nf6 27. Kg2 Nxd5 28. cxd5 Bxd4 29. f5 Bg7 30. fxg6 fxg6 31. Rh1 h5 32. Rf1+ Ke8 33. Bg5 Be5 34. Ref2 Kd7 35. Rf7 Rc2+ 36. Kh1 Re8 37. Rh7 Re2 38. Bh4 Re3 39. Kg2 g5 0-1

[Event "FRA-chT1A 0607"]
[Site "France"]
[Date "2007.02.10"]
[Round "7.8"]
[White "Assad, Karine"]
[Black "Forget, Cyril"]
[Result "1-0"]
[WhiteElo "2055"]
[BlackElo "1910"]
[PlyCount "83"]
[EventDate "2006.10.15"]
[EventType "team-tourn"]
[EventRounds "11"]
[EventCountry "FRA"]
[SourceTitle "EXT 2008"]
[Source "ChessBase"]
[SourceDate "2007.11.25"]
[SourceVersion "1"]
[SourceVersionDate "2007.11.25"]
[SourceQuality "1"]
[WhiteTeam "Noyon"]
[BlackTeam "Evry Grand Roque II"]
[WhiteTeamCountry "FRA"]
[BlackTeamCountry "FRA"]

1. d4 Nf6 2. Nf3 e6 3. c4 b6 4. g3 Bb7 5. Bg2 Be7 6. Nc3 0-0 7. 0-0 Na6 8. a3 d5 9. b4 c5 10. b5 Nc7 11. Ne5 cxd4 12. Qxd4 Bc5 13. Qd3 Qe8 14. Qc2 Nd7 15. Nxd7 Qxd7 16. Rd1 Qe8 17. a4 Rd8 18. cxd5 Nxd5 19. Nxd5 Bxd5 20. Bxd5 exd5 21. Ba3 Bxa3 22. Rxa3 Qe4 23. Qa2 d4 24. Rad3 Rd7 25. e3 Rfd8 26. Qc4 Qg4 27. exd4 h5 28. f3 Qf5 29. d5 Rd6 30. Qe4 Qc8 31. Rd4 Qc5 32. Kg2 Qc3 33. Qd3 Qc8 34. h4 Qd7 35. Re1 g6 36. Re5 Kf8 37. Qe3 Qb7 38. Qh6+ Kg8 39. Rde4 Qc8 40. Qe3 Kf8 41. Qd4 Qd7 42. Re8+ 1-0

[Event "Evry op 2nd"]
[Site "Evry"]
[Date "2006.11.04"]
[Round "6"]
[White "Baumhauer, Christian"]
[Black "Forget, Cyril"]
[Result "1-0"]
[WhiteElo "2030"]
[BlackElo "1921"]
[PlyCount "61"]
[EventDate "2006.11.01"]
[EventType "swiss"]
[EventRounds "7"]
[EventCountry "FRA"]
[SourceTitle "EXT 2007"]
[Source "ChessBase"]
[SourceDate "2006.11.23"]
[SourceVersion "1"]
[SourceVersionDate "2006.11.23"]
[SourceQuality "1"]

1. d4 Nf6 2. c4 e6 3. Nf3 b6 4. a3 Bb7 5. g3 Be7 6. Nc3 d5 7. cxd5 Nxd5 8. Bg2 0-0 9. 0-0 Qc8 10. Re1 Rd8 11. e4 Nxc3 12. bxc3 c5 13. Bb2 Bf6 14. Qe2 Nc6 15. Qe3 Na5 16. Nd2 Qd7 17. e5 Be7 18. Bxb7 Qxb7 19. Rad1 Rac8 20. Qf4 Qd5 21. Ne4 Qb3 22. Bc1 cxd4 23. cxd4 Bxa3 24. Bxa3 Qxa3 25. Nd6 Rxd6 26. exd6 Rd8 27. Rc1 Qb4 28. d5 Qxf4 29. gxf4 Nb3 30. Rc7 Nc5 31. f5 1-0

[Event "IECG QC.2006.0.00083 email"]
[Site "IECG email"]
[Date "2006.09.08"]
[Round "?"]
[White "Forget, Cyril"]
[Black "Sandez, Leonardo Raul"]
[Result "0-1"]
[WhiteElo "1667"]
[BlackElo "1700"]
[PlyCount "25"]
[EventDate "2006.09.08"]
[EventType "tourn (corr)"]
[EventRounds "6"]
[SourceTitle "Corr 2024"]
[Source "ChessBase"]
[SourceDate "2023.10.19"]
[SourceVersion "1"]
[SourceVersionDate "2023.10.19"]
[SourceQuality "1"]

1. e4 e6 2. d4 d5 3. Nc3 Bb4 4. e5 Qd7 5. Bd2 b6 6. Nf3 Ba6 7. Bxa6 Nxa6 8. 0-0 Ne7 9. Ne2 Bxd2 10. Qxd2 c5 11. c3 0-0 12. Ng5 h6 13. Qd3 0-1

[Event "IECG SI.2006.0.00053"]
[Site "IECG email"]
[Date "2006.08.22"]
[Round "?"]
[White "Forget, Cyril"]
[Black "Baron, Ovidiu"]
[Result "1/2-1/2"]
[WhiteElo "1667"]
[BlackElo "1736"]
[PlyCount "49"]
[EventDate "2006.08.22"]
[EventType "tourn (corr)"]
[EventRounds "6"]
[SourceTitle "Corr 2008"]
[Source "ChessBase"]
[SourceDate "2008.06.24"]
[SourceVersion "1"]
[SourceVersionDate "2008.06.24"]
[SourceQuality "1"]

1. e4 c5 2. Nf3 d6 3. d4 cxd4 4. Nxd4 Nf6 5. Nc3 a6 6. Be2 e5 7. Nb3 Be7 8. 0-0 0-0 9. Kh1 b6 10. f3 Bb7 11. Be3 b5 12. Qd2 Nbd7 13. Rfd1 b4 14. Nd5 Bxd5 15. exd5 Nb6 16. Na5 Nbxd5 17. Nc6 Qc7 18. Nxe7+ Qxe7 19. Bg5 Rfc8 20. a3 bxa3 21. Rxa3 h6 22. Bxf6 Nxf6 23. Rxa6 Rxa6 24. Bxa6 Rd8 25. b4 1/2-1/2

[Event "IECG SI.2006.0.00053"]
[Site "IECG email"]
[Date "2006.08.22"]
[Round "?"]
[White "Forget, Cyril"]
[Black "Smith, Douglas Royston"]
[Result "1/2-1/2"]
[WhiteElo "1667"]
[BlackElo "1995"]
[PlyCount "44"]
[EventDate "2006.08.22"]
[EventType "tourn (corr)"]
[EventRounds "6"]
[SourceTitle "Corr 2008"]
[Source "ChessBase"]
[SourceDate "2008.06.24"]
[SourceVersion "1"]
[SourceVersionDate "2008.06.24"]
[SourceQuality "1"]

1. e4 d5 2. exd5 Qxd5 3. Nc3 Qa5 4. d4 Nf6 5. Bc4 c6 6. Bd2 Bf5 7. Nd5 Qd8 8. Nxf6+ gxf6 9. c3 e6 10. Ne2 Nd7 11. Ng3 Bg6 12. Qf3 Qb6 13. 0-0-0 c5 14. Be3 cxd4 15. Rxd4 Bc5 16. Rd2 0-0-0 17. Bxc5 Qxc5 18. Ne4 Bxe4 19. Qxe4 Ne5 20. Be2 Rxd2 21. Kxd2 f5 22. Qe3 Rd8+ 1/2-1/2

[Event "IECG SI.2006.0.00053"]
[Site "IECG email"]
[Date "2006.08.22"]
[Round "?"]
[White "Forget, Cyril"]
[Black "Suarez, Ron"]
[Result "1/2-1/2"]
[WhiteElo "1667"]
[BlackElo "1669"]
[PlyCount "33"]
[EventDate "2006.08.22"]
[EventType "tourn (corr)"]
[EventRounds "6"]
[SourceTitle "Corr 2008"]
[Source "ChessBase"]
[SourceDate "2008.06.24"]
[SourceVersion "1"]
[SourceVersionDate "2008.06.24"]
[SourceQuality "1"]

1. e4 c5 2. Nf3 g6 3. Bc4 Bg7 4. 0-0 Nc6 5. c3 e6 6. d4 cxd4 7. cxd4 d5 8. exd5 exd5 9. Re1+ Nge7 10. Bb5 0-0 11. Bg5 Qd6 12. h3 a6 13. Bxe7 Nxe7 14. Ba4 b5 15. Bb3 Be6 16. Nc3 Rac8 17. Qd2 1/2-1/2

[Event "IECG QC.2006.0.00082 email"]
[Site "IECG email"]
[Date "2006.08.14"]
[Round "?"]
[White "Forget, Cyril"]
[Black "Valentin, Florea"]
[Result "0-1"]
[WhiteElo "1667"]
[BlackElo "1650"]
[PlyCount "45"]
[EventDate "2006.08.14"]
[EventType "tourn (corr)"]
[EventRounds "6"]
[SourceTitle "Corr 2011"]
[Source "ChessBase"]
[SourceDate "2010.08.31"]
[SourceVersion "1"]
[SourceVersionDate "2010.08.31"]
[SourceQuality "1"]

1. e4 c5 2. Nf3 Nc6 3. d4 cxd4 4. Nxd4 Nf6 5. Nc3 e5 6. Ndb5 d6 7. Nd5 Nxd5 8. exd5 Nb8 9. c4 Be7 10. Be2 a6 11. Nc3 0-0 12. 0-0 f5 13. f4 Nd7 14. Be3 exf4 15. Bxf4 Qb6+ 16. Kh1 Qxb2 17. Na4 Qf6 18. Rb1 Bd8 19. Be3 Re8 20. Bd4 Qf7 21. Rb3 g6 22. Bf3 Bf6 23. c5 0-1

[Event "IECG OP.2006.0.00099"]
[Site "IECG email"]
[Date "2006.07.25"]
[Round "?"]
[White "Forget, Cyril"]
[Black "Newton, Lynn"]
[Result "1-0"]
[WhiteElo "1667"]
[BlackElo "1500"]
[PlyCount "83"]
[EventDate "2006.07.25"]
[EventType "tourn (corr)"]
[EventRounds "6"]
[SourceTitle "Corr 2008"]
[Source "ChessBase"]
[SourceDate "2008.06.24"]
[SourceVersion "1"]
[SourceVersionDate "2008.06.24"]
[SourceQuality "1"]

1. d4 Nf6 2. Nf3 g6 3. c4 Bg7 4. Nc3 0-0 5. g3 d6 6. Bg2 Nbd7 7. 0-0 e5 8. e4 exd4 9. Nxd4 Re8 10. h3 Nc5 11. Re1 c6 12. Bf4 Ne6 13. Be3 Nxd4 14. Bxd4 d5 15. exd5 Rxe1+ 16. Qxe1 cxd5 17. Nxd5 Be6 18. Rd1 Bxd5 19. cxd5 Qd7 20. Qc3 Rc8 21. Qf3 Ne8 22. Bxg7 Nxg7 23. d6 b6 24. Qb7 Rd8 25. Qxd7 Rxd7 26. Bc6 Rd8 27. f4 Kf8 28. Kf2 Ne8 29. d7 Nf6 30. Rd3 Ke7 31. Re3+ Kd6 32. Re8 Kc7 33. Bb5 Nxd7 34. Re7 f5 35. Rxh7 Kc8 36. Rxd7 Rxd7 37. Bxd7+ Kxd7 38. Ke3 Kd6 39. g4 fxg4 40. hxg4 Kd5 41. Kd3 b5 42. b4 1-0

[Event "IECG OP.2006.0.00099"]
[Site "IECG email"]
[Date "2006.07.25"]
[Round "?"]
[White "Wright, Growly"]
[Black "Forget, Cyril"]
[Result "0-1"]
[WhiteElo "800"]
[BlackElo "1667"]
[PlyCount "50"]
[EventDate "2006.07.25"]
[EventType "tourn (corr)"]
[EventRounds "6"]
[SourceTitle "Corr 2008"]
[Source "ChessBase"]
[SourceDate "2008.06.24"]
[SourceVersion "1"]
[SourceVersionDate "2008.06.24"]
[SourceQuality "1"]

1. d4 e6 2. Nc3 b6 3. Bf4 Bb7 4. Nf3 Nf6 5. Nb5 d6 6. e4 Nxe4 7. Bd3 Nd7 8. Ng5 Nxg5 9. h4 Ne4 10. Bxe4 Bxe4 11. f3 Bb7 12. 0-0 a6 13. Nc3 Qxh4 14. g3 Qh3 15. Ne4 Bxe4 16. fxe4 e5 17. dxe5 dxe5 18. Be3 Qxg3+ 19. Kh1 Qh3+ 20. Kg1 Qxe3+ 21. Rf2 Bc5 22. Qf3 Qxf3 23. Raf1 Qg3+ 24. Kh1 Bxf2 25. Rxf2 Qxf2 0-1

[Event "IECG ZI.2006.0.00020"]
[Site "IECG email"]
[Date "2006.07.09"]
[Round "?"]
[White "Schoenbuchner, Gerhard"]
[Black "Forget, Cyril"]
[Result "0-1"]
[WhiteElo "1875"]
[BlackElo "1667"]
[PlyCount "62"]
[EventDate "2006.07.09"]
[EventType "match (corr)"]
[EventRounds "2"]
[SourceTitle "Corr 2008"]
[Source "ChessBase"]
[SourceDate "2008.06.24"]
[SourceVersion "1"]
[SourceVersionDate "2008.06.24"]
[SourceQuality "1"]

1. e4 c5 2. Nc3 Nc6 3. g3 g6 4. f4 Bg7 5. Bg2 d6 6. Nf3 Nf6 7. 0-0 Bg4 8. d3 0-0 9. Be3 Nd7 10. Qd2 Bxf3 11. Bxf3 Nd4 12. Rab1 Rb8 13. Ne2 b5 14. Bg4 b4 15. f5 Ne5 16. Bxd4 cxd4 17. Bh3 d5 18. fxg6 hxg6 19. Nxd4 Qb6 20. Qf2 Ng4 21. Qf3 Qxd4+ 22. Kh1 Ne3 23. Rf2 dxe4 24. dxe4 Rbd8 25. Re1 Nd1 26. Rfe2 Nxb2 27. e5 Qd5 28. Qxd5 Rxd5 29. Bg2 Rd1 30. Rxd1 Nxd1 31. Bc6 Nc3 0-1